000 00405nam a2200169Ia 4500
005 20250415145634.0
008 231207s9999 xx 000 0 und d
020 _a9074815979
040 _cPK-LaNCA
082 _aMPH 294.37
_bNAG
100 _aNagarjuna
245 0 _aMulamadhyamakakarikah
260 _bUitgeverij Kunchab
_aSchoten
_c2006
300 _a75p
650 _aBuddhism
942 _cM.PHIL.
999 _c25028
_d25028